| 000 | 01033nam a2200205Ia 4500 | ||
|---|---|---|---|
| 003 | OSt | ||
| 005 | 20241008134954.0 | ||
| 007 | ca aa aaaaa | ||
| 008 | 201103s9999 xx 000 0 und d | ||
| 040 | _cSSBUL | ||
| 041 | _abur | ||
| 082 |
_223 _a၂၉၄.၃၅ ကေ _b၉၃၆၁ S-SAT |
||
| 100 | 0 |
_a ကေလာသ၊ အရှင်၊ ဓမ္မာစရိယ, ဂဏဝါစက B.A.Hons. ဝိဇ္ဇာဂုဏ်ထူး(သီရိလင်္ကာ) _917424 |
|
| 245 | 1 | 0 |
_aတပည့်လိမ္မာ / _cအရှင်ကေလာသဓမ္မာစရိယ, ဂဏဝါစက B.A.Hons. ဝိဇ္ဇာဂုဏ်ထူး(သီရိလင်္ကာ) |
| 260 |
_aရန်ကုန် ၊ _bသာသနာရေးဦးစီးဌာန၊ _c၁၉၈၂။ |
||
| 300 |
_aဈ ၊ ၁၀၈ စာမျက်နှာ ၊ _c၁၈ စင်တီ။ |
||
| 500 | _aS-SAT: Dr Sai Aung Tun | ||
| 650 |
_aဗုဒ္ဓဘာသာ _xကျင့်ဝတ် _97242 |
||
| 942 |
_2ddc _cBK1 |
||
| 999 |
_c16864 _d16864 |
||